The little rabbit who wanted red wings / (Record no. 6518)

MARC details
000 -LEADER
fixed length control field 01284nam a22003737a 4500
001 - CONTROL NUMBER
control field 6518
003 - CONTROL NUMBER IDENTIFIER
control field FISKH
005 - DATE AND TIME OF LATEST TRANSACTION
control field 20250507155857.0
008 - FIXED-LENGTH DATA ELEMENTS--GENERAL INFORMATION
fixed length control field 250507b cb ||||| |||| 00| 0 eng d
020 ## - INTERNATIONAL STANDARD BOOK NUMBER
International Standard Book Number 0488190931
020 ## - INTERNATIONAL STANDARD BOOK NUMBER
International Standard Book Number 0448190893 (pbk.)
020 ## - INTERNATIONAL STANDARD BOOK NUMBER
International Standard Book Number 070918190896
024 1# - OTHER STANDARD IDENTIFIER
Standard number or code 070918190933
024 1# - OTHER STANDARD IDENTIFIER
Standard number or code 070918190896 (pbk.)
040 ## - CATALOGING SOURCE
Original cataloging agency DLC
Transcribing agency DLC
Language of cataloging eng
050 ## - LIBRARY OF CONGRESS CALL NUMBER
Classification number PZ7.B151 L
082 ## - DEWEY DECIMAL CLASSIFICATION NUMBER
Classification number 480
100 1# - MAIN ENTRY--PERSONAL NAME
Personal name Bailey, Carolyn Sherwin,
Dates associated with a name 1875-1961.
245 14 - TITLE STATEMENT
Title The little rabbit who wanted red wings /
Statement of responsibility, etc. by Carolyn Sherwin Bailey ; illustrated Jacqueline Rogers
260 ## - PUBLICATION, DISTRIBUTION, ETC.
Place of publication, distribution, etc. New York :
Name of publisher, distributor, etc. Platt & Munk,
Date of publication, distribution, etc. 1988.
300 ## - PHYSICAL DESCRIPTION
Extent 32 unnumbered pages :
Other physical details color illutrations ;
Accompanying material 21 cm
490 0# - SERIES STATEMENT
Series statement All-aboard books
505 ## - FORMATTED CONTENTS NOTE
Formatted contents note N<br/>
520 ## - SUMMARY, ETC.
Summary, etc. A discontented little rabbit wishes for a pair of red wings, but the reaction of his mother and the other animals convinces him that it is better just to be himself.
521 ## - TARGET AUDIENCE NOTE
Target audience note 540<br/>
Source Lexile<br/>
521 ## - TARGET AUDIENCE NOTE
Target audience note N<br/>
Source Raz-Plus<br/>
650 #0 - SUBJECT ADDED ENTRY--TOPICAL TERM
Topical term or geographic name entry element Rabbits
Form subdivision Juvenile fiction.
650 #0 - SUBJECT ADDED ENTRY--TOPICAL TERM
Topical term or geographic name entry element Animals
Form subdivision Juvenile fiction.
650 #0 - SUBJECT ADDED ENTRY--TOPICAL TERM
Topical term or geographic name entry element Self-acceptance
Form subdivision Juvenile fiction.
700 ## - ADDED ENTRY--PERSONAL NAME
Personal name Rogers, Jacqueline
Relator term illustrator
906 ## - LOCAL DATA ELEMENT F, LDF (RLIN)
a 7
b cbc
c orignew
d 3
e ncip
f 20
g y-soundrec
942 ## - ADDED ENTRY ELEMENTS (KOHA)
Source of classification or shelving scheme Dewey Decimal Classification
Koha item type Books
Suppress in OPAC No
Holdings
Withdrawn status Lost status Source of classification or shelving scheme Damaged status Not for loan Collection Home library Current library Shelving location Date acquired Total Checkouts Full call number Barcode Date last seen Copy number Price effective from Koha item type
    Dewey Decimal Classification     Juvenile Fiction Footprints International School Library Network Toul Kork Campus Footprints International School Library Network Toul Kork Campus TK Primary Library Room(4th Floor), Bookcase 3&4, Shelves 17-32, Yellow Books 05/07/2025   BAI 480 PZ7.B151 L FISBK07100 05/07/2025 1 05/07/2025 Books